000 00666nam a2200277Ia 4500
005 20260324144253.0
008 008 260324s9999 xx 000 0 eng d
020 _a9780429311895
037 _aEBOOK
040 _aCRL
040 _beng
040 _cCRL
041 _2eng
041 _aeng
084 _qCRL
100 _aAriel Merari; Shlomi Elad
_91218700
245 4 _aThe International Dimension Of Palestinian Terrorism
260 _bTaylor and Francis
260 _c1988
365 _a
365 _b230
856 _uhttp://www.taylorfrancis.com/books/9780429311895
942 _cEBOOK
999 _c1825116
_d1825116